书目信息 |
| 题名: |
高温合金痕量元素分析
|
|
| 作者: | 王海舟 主编 | |
| 分册: | 卷十一 | |
| 出版信息: | 北京 科学出版社 2002 |
|
| 页数: | 510 | |
| 开本: | 20cm | |
| 丛书名: | 冶金分析丛书 | |
| 单 册: | ||
| 中图分类: | TG132.3 | |
| 科图分类: | ||
| 主题词: | 各种性质 , 合金 , 合金学 | |
| 电子资源: | ||
| ISBN: | 7-03-009237-6 | |
| 000 | 00779nam0 2200241 450 | |
| 001 | 0754114953 | |
| 005 | 20070929150154.95 | |
| 010 | @a7-03-009237-6 | |
| 100 | @a20070929d km y0chiy0120 ea | |
| 101 | 0 | @achi |
| 200 | 1 | @a高温合金痕量元素分析@Agao wen he jin hen liang yuan su fen xi@e中国金属学会推荐技术和方法@h卷十一@f王海舟 主编@Fwang hai zhou zhu bian |
| 210 | @a北京@c科学出版社@d2002 | |
| 215 | @a510@c插图@d20cm | |
| 225 | 2 | @a冶金分析丛书 |
| 410 | 0 | @12001 @a冶金分析丛书 |
| 517 | 1 | @a中国金属学会推荐技术和方法@Azhong guo jin shu xue hui tui jian ji shu he fang fa |
| 606 | 0 | @a各种性质 |
| 606 | 0 | @a合金 |
| 606 | 0 | @a合金学 |
| 690 | @aTG132.3@v3 | |
| 701 | 0 | @a王海舟@Awang hai zhou@4主编 |
| 801 | 0 | @aCN@bPFT@c20070929 |
| 905 | @a213230@dTG132.3@eh3@f1 | |
| 高温合金痕量元素分析:中国金属学会推荐技术和方法.卷十一/王海舟 主编.-北京:科学出版社,2002 |
| 510:插图;20cm.-(冶金分析丛书) |
| ISBN 7-03-009237-6: |
| ● |
| 相关链接 |
|
|
|
|
正题名:高温合金痕量元素分析
索取号:TG132.3/h3
 
预约/预借
| 序号 | 登录号 | 条形码 | 馆藏地/架位号 | 状态 | 备注 |
| 1 | 6001262 | 260012621 | 密集书库-化学系/ [索取号:TG132.3/h3] | 在馆 | |
| 2 | 6001263 | 260012630 | 密集书库-化学系/ [索取号:TG132.3/h3] | 在馆 |